000 00452cam a2200157 a 4500
020 _a0821367579
020 _a9780821367575
040 _cDLC
082 0 0 _a362 WOR 2006 A079 Or.
245 0 0 _aAIDS in South Asia :
_bunderstanding and responding to a heterogeneous epidemic /
260 _aWashington, DC :
_bWorld Bank,
_cc2006.
300 _axxii, 113 p. :
_bill. ;
_c23 cm.
650 0 _aAIDS (Disease)
700 1 _aMoses, Stephen A.
942 _cEK
999 _c15904
_d15904